=LDR 00000nam 2200000 4500 =001 INLIS000000000044479 =005 20131008105925 =008 ***********************************Ind** =035 ##$$0010-101300000002401 =041 ##$$a Ind =082 ##$$a 633.202 =090 ##$$a 633.202 , McI p =100 ##$$a McIlroy, R.J =245 ##$$a Pengantar Budidaya Padang Rumput Tropika , R. J. McILROY =850 ##$$a NBPNMAT